|
|
|
|
| LEADER |
00000nas a2200000 a 4500 |
| 001 |
ssj0012563 |
| 003 |
WaSeSS |
| 005 |
20200512172242.0 |
| 006 |
m d |
| 007 |
cr n |
| 008 |
850211c198u9999miumr p s 0 a0eng c |
| 010 |
|
|
|a sn 85009724
|
| 022 |
|
|
|l 8756-8888
|y 8756-8888
|
| 035 |
|
|
|a (WaSeSS)ssj0012563
|
| 037 |
|
|
|b Forensic Accounting Review, 150 N. Main St., Plymouth, MI 48170
|
| 040 |
|
|
|a NSD
|b eng
|c NSD
|d GUA
|d OCLCQ
|d OCLCF
|d OCLCO
|d OCLCQ
|d WaSeSS
|
| 042 |
|
|
|a nsdp
|a pcc
|
| 043 |
|
|
|a n-us---
|
| 050 |
1 |
4 |
|a HV8079.W47
|b F67
|
| 082 |
1 |
|
|a 658
|2 11
|
| 210 |
0 |
|
|a Forensic account. rev.
|
| 222 |
|
0 |
|a Forensic accounting review
|
| 245 |
0 |
0 |
|a Forensic accounting review
|h [electronic resource].
|
| 260 |
|
|
|a Plymouth, Mich. :
|b Computer Protection Systems, Inc.
|
| 310 |
|
|
|a Monthly
|
| 506 |
|
|
|a License restrictions may limit access.
|
| 588 |
|
|
|a Description based on: Vol. 1, no. 7 (Jan. 1985); title from caption.
|
| 588 |
|
|
|a Latest issue consulted: Vol. 7, no. 5, 1 (Nov. 1990).
|
| 650 |
|
0 |
|a Commercial crimes
|z United States
|v Periodicals.
|
| 650 |
|
0 |
|a Forensic accounting
|z United States
|v Periodicals.
|
| 650 |
|
0 |
|a Fraud investigation
|v Periodicals.
|
| 650 |
|
0 |
|a Fraud
|z United States
|v Periodicals.
|
| 650 |
|
0 |
|a Corporations
|x Corrupt practices
|z United States
|v Periodicals.
|
| 650 |
|
7 |
|a Commercial crimes.
|2 fast
|0 (OCoLC)fst00869469
|
| 650 |
|
7 |
|a Corporations
|x Corrupt practices.
|2 fast
|0 (OCoLC)fst00879825
|
| 650 |
|
7 |
|a Forensic accounting.
|2 fast
|0 (OCoLC)fst00931949
|
| 650 |
|
7 |
|a Fraud.
|2 fast
|0 (OCoLC)fst00933786
|
| 650 |
|
7 |
|a Fraud investigation.
|2 fast
|0 (OCoLC)fst00933803
|
| 651 |
|
7 |
|a United States.
|2 fast
|0 (OCoLC)fst01204155
|
| 655 |
|
0 |
|a Electronic journals.
|
| 780 |
0 |
0 |
|t Corporate fraud digest
|
| 850 |
|
|
|a GU
|
| 856 |
4 |
0 |
|z Full text available from Research Library: 03/01/2001 to 07/31/2001
|u https://search.proquest.com/publication/27030
|